| 000 | 00450nam a2200181Ia 4500 | ||
|---|---|---|---|
| 001 | 20124 | ||
| 003 | IN-NITTTR | ||
| 005 | 20251114233231.0 | ||
| 008 | 251113s9999||||xx |||||||||||||| ||eng|| | ||
| 040 | _beng | ||
| 040 | _cIN-NITTTR | ||
| 041 | _aeng | ||
| 082 | _a418 A82 | ||
| 100 | _aJones, Karen Sparck | ||
| 245 | 0 |
_aAutomatic natural language parsing. / _cJones, Karen Sparck, Wilks, Yorick |
|
| 700 | _a Wilks, Yorick | ||
| 942 |
_2ddc _cBK |
||
| 999 |
_c22758 _d22758 |
||